| 000 | 00611nam a2200217Ia 4500 | ||
|---|---|---|---|
| 005 | 20230808111532.0 | ||
| 008 | 131103s9999 xx 000 0 und d | ||
| 040 | _aLoreto College | ||
| 041 | _aEnglish | ||
| 082 |
_a920 _bNAO-MAS |
||
| 100 | _aMasani,R.P. | ||
| 245 |
_aDadabhai Naoroji _b the Grand Old Man of India _cR.P.Masani,foreword by Mahatma Gandhi |
||
| 260 |
_aLondon _bGeorge Allen & Unwin _c1939 |
||
| 300 |
_a567 p. _b illus. |
||
| 630 | _aIndia - Biography | ||
| 650 | _aNairoji,Dadabhai | ||
| 651 | _aBiography | ||
| 700 | _aGandhi,Mohandas Karamchand | ||
| 850 | _aLCLIB | ||
| 942 | _cBK | ||
| 999 |
_c13832 _d64311 |
||